TOP 10 Harry Potter Charaktere - Statistiken

Allgemein
  • Dieses Quiz wurde 406 mal gespielt
    296 seit der letzten Aktualisierung
  • Das Durchschnittsergebnis liegt bei 4 aus 10
Answers on the Grid
Answers color-coded by a green-red scale on the quiz's grid according to % correct below.
Hermine Granger
Neville Longbottom
Luna Lovegood
Ron Weasley
Fred Weasley
George Weasley
Molly Weasley
Ginny Weasley
Arthur Weasley
Cornelius Fudge
Remus Lupin
Voldemort
Draco Malfoy
Lucius Malfoy
Albus Dumbledore
Severus Snape
Minerva McGonagall
Dolores Umbridge
Alastor "Mad-Eye" Moody
Rubeus Hagrid
Horace Slughorn
Sybill Trelawney
Filius Flitwick
Sirius Black
Bellatrix Lestrange
Vernon Dursley
Dobby
Hedwig
 
Antwortstatistiken
Antwort % Korrekt
Ron Weasley
69%
Hermine Granger
64%
Albus Dumbledore
53%
Voldemort
51%
Severus Snape
47%
Draco Malfoy
45%
Rubeus Hagrid
43%
Sirius Black
26%
Remus Lupin
10%
Fred Weasley
7%
Keine übereinstimmenden Quizze gefunden
Verteilung der Resultate
Anzahl Personen mit jedem Resultat
Perzentil nach korrekt beantworteten Fragen
Ihre Resultats-Entwicklung
Sie haben dieses Quiz seit der letzten Aktualisierung nicht gespielt